000 00787nam a2200229Ia 4500
003 OSt
005 20220923220958.0
006 a|||||r|||| 00| 0
007 ta
008 220922b |||||||| |||| 00| 0 hin d
024 _a193,185
037 _cTextual
040 _aARTS
_cARTS
_bhin
041 _2hin
_ahin
082 _aV2:21wM94, 152L2
100 _aश्रीवास्तव; चतुर्वेदी
245 0 _aवराह गिरि व्यंक्ट गिरि
_b व्यक्तितव और विचार
246 _aVarāh giri vyankṭa giri: vyaktitav aur vichāra
260 _c1972
942 _hV2:21wM94, 152L2
_cTEXL
_2CC
999 _c345676
_d345676